000 00848cab a2200289 4500
001 ABS49533
008 090401t1993 xxu||||| |||| 00| 0 eng d
035 _a(Sirsi) u71727
041 _aeng
100 _aMiltz, D.
245 _aBelgium: valuation of real estate certificates
260 _c1993
350 _a0
490 _aJournal of Property Valuation and Investment
_v11(4) 1993, 315-326(12)
520 _aExamines the valuation of a real estate leasing certificate as practised in the Belgian market.
650 _aBELGIUM
650 _aPROPERTY INVESTMENT
650 _aREAL ESTATE CERTIFICATES
650 _aVALUATION METHODS
650 _aVALUATION MODELS
690 _aOVERSEAS-EUROPE
690 _aPROPERTY LAW AND PRACTICE
700 _aVel, J-Y de
700 _aDedier, T.
942 _n0
948 _c04/03/1997
999 _c45254
_d45254